| 000 | 02374nam a2200325 a 4500 | ||
|---|---|---|---|
| 001 | 000020769 | ||
| 003 | OSt | ||
| 005 | 20250621074006.0 | ||
| 008 | 100817s2004 dr c 000 0 spa d | ||
| 020 | _a9993423424 | ||
| 040 |
_aDO-SdBNP _bspa _cBNPHU |
||
| 049 | _aBNPD | ||
| 082 |
_a972.93053 _bG861t, 2004 |
||
| 100 | 1 |
_aGrimaldi, Víctor, _d1949- _91699 |
|
| 245 | 1 | 0 |
_aTumbaron al jefe : _blos Estados Unidos en derrocamiento de Trujillo / _cVíctor Grimaldi ; prólogo José Chez Checo. |
| 250 | _a4a ed. | ||
| 260 |
_aSanto Domingo : _bAmigo del hogar, _c2004. |
||
| 300 |
_a231 p. : _bretrs. ; _c23 cm. |
||
| 504 | _aIncluye referencias bibliográficas y notas al pie de las páginas | ||
| 504 | _aBibliografía : p. 227-231 | ||
| 505 | 2 | _aPrólogo / José Chez Checo -- A manera de introducción / Tumbaron a Trujillo -- Quisieron perpetuar la iranía en 1959 -- Más mensajes secretos-- El mayor reto a la tiranía -- Otros documentos -- Un millón de dólares para el jefe -- Alianza con el jefe -- Viene el cambio -- Mientras tanto, ¿Qué pasó con Batista? -- Y en 1960 ofrecieron crear un fondo con dólares del jefe para que abandonara el poder por las buenas -- El turno de Trujillo -- Se involucra la CIA -- El Pentágono -- Los hechos de 1960 -- Un fondo para Trujillo -- La OEA, Fidel y Balaguer -- Cuando el Jefe rechazó el US$ fondo de Eisenhower, la CIA se metió en el complot -- La cuota azucarera cubana | |
| 505 | 2 | _aEl 18 de agosto -- Balaguer presidente -- La URSS -- Sube Kennedy -- La CIA en acción -- Dicen que Balaguer lo sabía -- Octubre de 1960 -- 17 de Abril, Bahía de Cochinos -- Playa Girón -- Preocupados por De la Maza -- Temor a Ramfis -- 14 años antes a la eliminación de Trujillo, en 1947 los Estados Unidos abortaron la invasión de Cayo Confites -- Trujillo en 1947 -- Juan Bosch -- Fidel Castro -- dictadores, intervenciones y soberanía mediatizada -- Un estudio de Brookings Institution -- La OEA--Anexos. | |
| 600 | 1 | 0 |
_aTrujillo Molina, Rafael Leónidas, _d 1891-1961 _976764 |
| 651 | 0 |
_aRepública Dominicana _xPolítica y gobierno _945 |
|
| 651 | 4 |
_aRepública Dominicana _xRelaciones _zEstados Unidos _92530 |
|
| 651 | 4 |
_aRepública Dominicana _xRelaciones _zEstados Unidos _92530 |
|
| 700 | 1 |
_aChez Checo, José, _d1949- _epról. _910145 |
|
| 910 | _aValidado. Control de calidad MMOLINA | ||
| 942 |
_2ddc _cLBS1 |
||
| 999 |
_c20273 _d20273 |
||